| 000 | 00630nam a22002297a 4500 | ||
|---|---|---|---|
| 003 | OSt | ||
| 005 | 20240729124149.0 | ||
| 008 | 240729b |||||||| |||| 00| 0 eng d | ||
| 020 | _a0335208290 | ||
| 020 | _a0335208304 | ||
| 040 | _cMUST | ||
| 082 | _a338.5 BOY 2003 | ||
| 100 |
_aBoyne, Roy _919027 |
||
| 245 |
_a Risk / _cRoy Boyne |
||
| 260 |
_aBuckingham _bOpen University Press _c2003 |
||
| 300 |
_aviii, 132p.: _c24 cm. |
||
| 440 |
_aConcepts in the social sciences _919028 |
||
| 504 | _aIncludes bibliographical references and index | ||
| 650 |
_aRisk _919029 |
||
| 650 |
_aSocial Sciences _9312 |
||
| 942 |
_2ddc _cO_SHELF |
||
| 999 |
_c9308 _d9308 |
||